Handbook of sustainability in additive manufacturing. (Record no. 607794)
[ view plain ]
| 000 -LEADER | |
|---|---|
| fixed length control field | 01074cam a22003015i 4500 |
| 001 - CONTROL NUMBER | |
| control field | 18927098 |
| 003 - CONTROL NUMBER IDENTIFIER | |
| control field | OSt |
| 005 - DATE AND TIME OF LATEST TRANSACTION | |
| control field | 20240215150726.0 |
| 008 - FIXED-LENGTH DATA ELEMENTS--GENERAL INFORMATION | |
| fixed length control field | 160106s2016 nyu 000 0 eng |
| 010 ## - LIBRARY OF CONGRESS CONTROL NUMBER | |
| LC control number | 2016930176 |
| 020 ## - INTERNATIONAL STANDARD BOOK NUMBER | |
| International Standard Book Number | 9789811005473 |
| 040 ## - CATALOGING SOURCE | |
| Original cataloging agency | DLC |
| Language of cataloging | eng |
| Transcribing agency | DLC |
| Description conventions | rda |
| Modifying agency | DLC |
| 042 ## - AUTHENTICATION CODE | |
| Authentication code | pcc |
| 082 ## - DEWEY DECIMAL CLASSIFICATION NUMBER | |
| Classification number | 670 |
| Author Mark | HAN |
| 245 00 - TITLE STATEMENT | |
| Title | Handbook of sustainability in additive manufacturing. |
| Medium | Volume: 01 |
| 260 ## - PUBLICATION, DISTRIBUTION, ETC. | |
| Name of publisher, distributor, etc. | Springer, |
| Date of publication, distribution, etc. | 2016. |
| 263 ## - PROJECTED PUBLICATION DATE | |
| Projected publication date | 1603 |
| 300 ## - PHYSICAL DESCRIPTION | |
| Extent | 168 p.: |
| 650 ## - SUBJECT ADDED ENTRY--TOPICAL TERM | |
| Topical term or geographic name entry element | Sustainable engineering |
| 9 (RLIN) | 5719 |
| 650 ## - SUBJECT ADDED ENTRY--TOPICAL TERM | |
| Topical term or geographic name entry element | Production management |
| 9 (RLIN) | 9306 |
| 650 ## - SUBJECT ADDED ENTRY--TOPICAL TERM | |
| Topical term or geographic name entry element | Sustainable development |
| 9 (RLIN) | 9307 |
| 856 42 - ELECTRONIC LOCATION AND ACCESS | |
| Materials specified | Contributor biographical information |
| Uniform Resource Identifier | <a href="http://www.loc.gov/catdir/enhancements/fy1608/2016930176-b.html">http://www.loc.gov/catdir/enhancements/fy1608/2016930176-b.html</a> |
| 856 42 - ELECTRONIC LOCATION AND ACCESS | |
| Materials specified | Publisher description |
| Uniform Resource Identifier | <a href="http://www.loc.gov/catdir/enhancements/fy1608/2016930176-d.html">http://www.loc.gov/catdir/enhancements/fy1608/2016930176-d.html</a> |
| 856 41 - ELECTRONIC LOCATION AND ACCESS | |
| Materials specified | Table of contents only |
| Uniform Resource Identifier | <a href="http://www.loc.gov/catdir/enhancements/fy1608/2016930176-t.html">http://www.loc.gov/catdir/enhancements/fy1608/2016930176-t.html</a> |
| 906 ## - LOCAL DATA ELEMENT F, LDF (RLIN) | |
| a | 0 |
| b | ibc |
| c | orignew |
| d | 2 |
| e | epcn |
| f | 20 |
| g | y-gencatlg |
| 942 ## - ADDED ENTRY ELEMENTS (KOHA) | |
| Source of classification or shelving scheme | |
| Koha item type | Book |
| Institution code [OBSOLETE] | SADA |
| Call number prefix | 670 HAN 2016 |
| Withdrawn status | Lost status | Source of classification or shelving scheme | Materials specified (bound volume or other part) | Damaged status | Not for loan | Permanent Location | Current Location | Date acquired | Source of acquisition | Full call number | Barcode | Date last seen | Copy number | Cost, replacement price | Price effective from | Koha item type | Total Checkouts |
|---|---|---|---|---|---|---|---|---|---|---|---|---|---|---|---|---|---|
| Vol:01 | School of Art Design and Architecture (SADA) | School of Art Design and Architecture (SADA) | 05/16/2017 | Progressive Internal | 670 HAN 2016 | SADA0002715 | 02/15/2024 | 01 | 7718.62 | 02/15/2024 | Book | ||||||
| Vol:02 | School of Art Design and Architecture (SADA) | School of Art Design and Architecture (SADA) | 05/16/2017 | Progressive Internal | 670 HAN 2016 | SADA0002716 | 02/15/2024 | 02 | 7718.62 | 02/15/2024 | Book |
